00645nam a2200229 a 4500001001300000003000900013005001700022008004100039020002200080082001600102100001600118245002400134260003800158300000800196500003500204650001300239700001600252902000800268942000700276952011500283999001700398nice12345678IN_TiNIC20260116014755.0090727s2005 newa grp 000 0 eng  a8189524038 c2000a294.3bALO1 aAloysius, G aPeriyar on Buddhism aNew Delhi bCritical Quest c2005 a32p aincludes index and biblioraphy aBuddhism1 aAloysius, G bSRS cBK 001040708StackRoom-aHMIbHMId2009-07-27g20.00l0o294.3 ALO1p022820r2009-07-27v20.00w2009-07-27yBK c16896d16896